[Event "ODJM B 2022"]
[Site "Willingen GER"]
[Date "2022.06.07"]
[Round "4"]
[White "Schotthöfer, Samira"]
[Black "Paqarizi, Endrit"]
[Result "0-1"]
[Termination "normal"]
[Board "21"]
[WhiteElo "1304"]
[BlackElo "1380"]
[PlyCount "102"]
[WhiteFideId "16243455"]
[BlackFideId "16235827"]
[EventCountry "GER"]
[EventRounds "9"]
[EventType "swiss"]
[EventDate "2022.06.04"]

1. d4 d5 2. Nf3 e6 3. e3 f5 4. b3 Nf6 5. Bb2 Be7 6. Be2 O-O 7. O-O Ne4 8. c4 c6
9. Ne5 Nd7 10. Nd2 Nxe5 11. dxe5 Qa5 12. Nf3 Nc3 13. Bxc3 Qxc3 14. Rc1 Qa5 15.
Qc2 Bd7 16. Nd4 Rac8 17. f4 b5 18. Rfd1 Ba3 19. Rb1 Rc7 20. Qd3 a6 21. Nc2 Be7
22. Ra1 Rd8 23. a4 Qb6 24. Nd4 dxc4 25. bxc4 c5 26. Nc2 b4 27. a5 Qb7 28. Bf3
Bc6 29. Bxc6 Qxc6 30. Qb3 Rcd7 31. Ne1 Qe4 32. Rxd7 Rxd7 33. Ra2 Bd8 34. Kf2
Kf7 35. Qa4 Ke7 36. Qb3 Bc7 37. Ke2 g5 38. g3 gxf4 39. gxf4 Qh1 40. Qc2 Qxh2+
41. Kf3 Qxc2 42. Rxc2 Rd1 43. Ke2 Ra1 44. Nd3 Rxa5 45. Kf3 Ra3 46. Nb2 Ra2 47.
Ke2 a5 48. Kd1 a4 49. Nd3 b3 50. Rb2 Rxb2 51. Nxb2 a3 0-1

[Event "ODJM B 2022"]
[Site "Willingen GER"]
[Date "2022.06.07"]
[Round "4"]
[White "Sari, Reber Furkan"]
[Black "Müller, Anker"]
[Result "0-1"]
[Termination "normal"]
[Board "22"]
[WhiteElo "1292"]
[BlackElo "1509"]
[PlyCount "82"]
[WhiteFideId "34623507"]
[BlackFideId "1472070"]
[EventCountry "GER"]
[EventRounds "9"]
[EventType "swiss"]
[EventDate "2022.06.04"]

1. d4 d5 2. Nf3 Nf6 3. Bf4 Bf5 4. e3 Nbd7 5. Bd3 Bxd3 6. Qxd3 e6 7. Nbd2 Rc8 8.
h3 Bd6 9. Ne5 Bxe5 10. dxe5 Nc5 11. Qa3 Nfd7 12. Nb3 Nxb3 13. axb3 Nb6 14. O-O
a6 15. Rfd1 c5 16. c3 O-O 17. b4 Nc4 18. Qb3 Qb6 19. Qa2 cxb4 20. b3 Na3 21.
Rdc1 a5 22. Qe2 Nb5 23. c4 Nc3 24. Qg4 Kh8 25. cxd5 exd5 26. Rc2 Qg6 27. Qxg6
hxg6 28. Rxa5 Ra8 29. Rc5 g5 30. Bg3 Rfc8 31. Rxc8+ Rxc8 32. h4 Kh7 33. hxg5
Kg6 34. e6 fxe6 35. Bd6 Ra8 36. Bxb4 Ra1+ 37. Kh2 Ne4 38. Rc7 Nxf2 39. Rxb7
Ng4+ 40. Kg3 Nxe3 41. Bd2 Nf1+ 0-1

[Event "ODJM B 2022"]
[Site "Willingen GER"]
[Date "2022.06.07"]
[Round "4"]
[White "Keuper, David"]
[Black "Schwarz, David"]
[Result "0-1"]
[Termination "normal"]
[Board "23"]
[WhiteElo "1243"]
[BlackElo "1244"]
[PlyCount "64"]
[WhiteFideId "16287568"]
[BlackFideId "16287614"]
[EventCountry "GER"]
[EventRounds "9"]
[EventType "swiss"]
[EventDate "2022.06.04"]

1. d4 d5 2. Nf3 Nf6 3. e3 c5 4. b3 Nc6 5. Bb2 e6 6. a3 Be7 7. Bd3 b6 8. Nbd2
Bb7 9. O-O O-O 10. Ne5 Rc8 11. f4 cxd4 12. exd4 Ne4 13. Qe2 f5 14. Rf3 Rf6 15.
Rh3 Nxe5 16. fxe5 Rg6 17. Kh1 Qf8 18. Rg1 Bxa3 19. Bxa3 Qxa3 20. Rh4 Qb2 21.
Nf3 Ba6 22. Re1 Bxd3 23. cxd3 Nf2+ 24. Kg1 Qxe2 25. Rxe2 Nxd3 26. h3 Rc1+ 27.
Kh2 Rc3 28. Ra2 a5 29. Nd2 h6 30. Ra1 Kf7 31. Rb1 Rc2 32. Rd1 Nb2 0-1

[Event "ODJM B 2022"]
[Site "Willingen GER"]
[Date "2022.06.07"]
[Round "4"]
[White "Kullmann, Theo"]
[Black "Schaudienst, Arvid"]
[Result "1-0"]
[Termination "normal"]
[Board "24"]
[WhiteElo "1506"]
[BlackElo "1411"]
[PlyCount "81"]
[WhiteFideId "16218582"]
[BlackFideId "16266943"]
[EventCountry "GER"]
[EventRounds "9"]
[EventType "swiss"]
[EventDate "2022.06.04"]

1. e4 c5 2. d3 Nc6 3. f4 g6 4. g3 Bg7 5. Bg2 d6 6. Nc3 e6 7. Nf3 Nge7 8. Rb1
O-O 9. Be3 Rb8 10. O-O b5 11. Ne2 Bd7 12. c3 Qc7 13. Qc2 Na5 14. Rbc1 b4 15.
cxb4 Rxb4 16. b3 Nac6 17. e5 dxe5 18. Bxc5 Qa5 19. Bxb4 Qxb4 20. Qc5 Qxc5+ 21.
Rxc5 exf4 22. Nxf4 Nf5 23. Kh1 Rd8 24. g4 Ne3 25. Rfc1 Nxg2 26. Kxg2 e5 27. Ne2
Nb4 28. R1c4 Bf8 29. Rxe5 Nxd3 30. Rd5 Re8 31. Kf1 Re3 32. Ng5 Be6 33. Nxe6
fxe6 34. Rd8 Rf3+ 35. Kg1 e5 36. a3 Kg7 37. b4 Re3 38. Ng3 Be7 39. Rd7 Re1+ 40.
Nf1 Kf8 41. Rc8+ 1-0

[Event "ODJM B 2022"]
[Site "Willingen GER"]
[Date "2022.06.07"]
[Round "4"]
[White "Bakó, Evelin"]
[Black "Borgert, Alexander"]
[Result "0-1"]
[Termination "normal"]
[Board "25"]
[WhiteElo "1214"]
[BlackElo "1468"]
[PlyCount "124"]
[WhiteFideId "16271823"]
[BlackFideId "16289188"]
[EventCountry "GER"]
[EventRounds "9"]
[EventType "swiss"]
[EventDate "2022.06.04"]

1. d4 d5 2. Nf3 Nf6 3. e3 e6 4. Bd3 c5 5. b3 Nc6 6. Bb2 Be7 7. O-O O-O 8. Nbd2
a6 9. Ne5 Bd6 10. f4 Nb4 11. Be2 cxd4 12. exd4 Nd7 13. a3 Nc6 14. Bd3 Qh4 15.
Nxd7 Bxd7 16. Rf3 f5 17. c4 Bxf4 18. g3 Bxg3 19. Rxg3 Rf6 20. Nf3 Qf4 21. Ne5
Nxe5 22. dxe5 Rg6 23. Rxg6 hxg6 24. Qe2 Kf7 25. Rf1 Qg5+ 26. Kh1 dxc4 27. bxc4
Ke7 28. Bc1 Qh4 29. Qg2 Bc6 30. Rf3 Qg4 31. Bg5+ Ke8 32. Qxg4 fxg4 33. Bxg6+
Kd7 34. Kg1 gxf3 35. Kf2 b5 36. c5 a5 37. h4 b4 38. axb4 axb4 39. Be3 b3 40.
Ke1 Ra2 41. Bd3 b2 42. Kd1 Ba4+ 43. Ke1 Ra1+ 44. Kf2 b1=Q 45. Bxb1 Rxb1 46.
Kxf3 Rb3 47. Kf4 Rxe3 48. Kxe3 Kc6 49. Kf4 Bc2 50. h5 Kxc5 51. Kg5 Kd5 52. h6
gxh6+ 53. Kxh6 Kxe5 54. Kg5 Bf5 55. Kh4 Kf4 56. Kh5 Kf3 57. Kg5 e5 58. Kxf5 e4
59. Kg5 e3 60. Kh4 e2 61. Kh3 e1=Q 62. Kh2 Qf2+ 0-1

[Event "ODJM B 2022"]
[Site "Willingen GER"]
[Date "2022.06.07"]
[Round "4"]
[White "Vollmer, Jan"]
[Black "Wehrle, Valentin"]
[Result "0-1"]
[Termination "normal"]
[Board "26"]
[WhiteElo "1540"]
[BlackElo "1522"]
[PlyCount "110"]
[WhiteFideId "16287649"]
[BlackFideId "65600355"]
[EventCountry "GER"]
[EventRounds "9"]
[EventType "swiss"]
[EventDate "2022.06.04"]

1. e4 c5 2. Nf3 e6 3. d4 d5 4. exd5 Qxd5 5. Nc3 Qd8 6. Be3 cxd4 7. Nxd4 Bd7 8.
Bc4 Nf6 9. Qd2 Be7 10. O-O Nc6 11. f4 O-O 12. f5 Nxd4 13. Bxd4 exf5 14. Rad1
Be6 15. Bb3 Qc8 16. Qf4 Bc5 17. Rf3 Rd8 18. Kf1 Bxd4 19. Rxd4 Qc5 20. Rfd3 Rxd4
21. Qxd4 Qxd4 22. Rxd4 Kf8 23. Nb5 Ke7 24. Ke2 a6 25. Nc7 Rc8 26. Nxe6 fxe6 27.
a4 e5 28. Rb4 Rc7 29. Rb6 e4 30. Re6+ Kd7 31. Re5 g6 32. h3 Kd8 33. Re6 Rc6 34.
Re5 Nd7 35. Rd5 h5 36. a5 Ke7 37. Ke3 Rc5 38. Kd4 Rc6 39. Ba4 Rd6 40. Bb3 h4
41. Rxd6 Kxd6 42. Bd5 b5 43. axb6 Nxb6 44. Bf7 g5 45. c4 Nc8 46. c5+ Kc6 47. b4
Kb5 48. Be8+ Kxb4 49. c6 a5 50. Bd7 Ne7 51. c7 a4 52. Bxf5 Nxf5+ 53. Ke5 Ne7
54. Ke6 Nc8 55. Kd7 Na7 0-1

[Event "ODJM B 2022"]
[Site "Willingen GER"]
[Date "2022.06.07"]
[Round "4"]
[White "Hornstein, Leonhard Orell"]
[Black "Bock, Leonas"]
[Result "0-1"]
[Termination "normal"]
[Board "27"]
[WhiteElo "1214"]
[BlackElo "1352"]
[PlyCount "44"]
[WhiteFideId "16254643"]
[BlackFideId "16287118"]
[EventCountry "GER"]
[EventRounds "9"]
[EventType "swiss"]
[EventDate "2022.06.04"]

1. d4 f5 2. Nc3 Nf6 3. Bf4 e6 4. e3 b6 5. Bd3 Bb7 6. f3 Be7 7. e4 O-O 8. Qd2
Bb4 9. exf5 exf5 10. Bxf5 Nh5 11. Bg5 Qe8+ 12. Be4 d5 13. O-O-O dxe4 14. Re1
Qg6 15. Nge2 Nd7 16. a3 Bd6 17. fxe4 h6 18. Bh4 Bxe4 19. Nxe4 Qxe4 20. Bg3 Nxg3
21. Nxg3 Qg6 22. Ne4 Bf4 0-1